000 00842nam a2200313 a 4500
003 AR-BaBNM
005 20251128210557.0
008 082120s2002 ||||||||||||||000 | spa||
020 _a84-8063-289-5
040 _cAR-BaBNM
100 1 _aBassols, Margarida
245 0 0 _aModelos textuales
_bteoría y práctica
250 _a1ª ed.
260 _aBarcelona
_bEdiciones Octaedro
_c1997
300 _a217 p.
490 0 _aRecursos
_vv. 22
500 _aContiene referencias bibliográficas
500 _aGlosario
650 4 _aSEMIOLOGIA
650 4 _aANALISIS LINGUISTICO
650 4 _aTEORIA LINGUISTICA
653 _aGRAMATICA TEXTUAL
653 _aCONECTORES [LINGUISTICA]
653 _aTEORIA DE LA ARGUMENTACION
653 _aANALISIS DEL DISCURSO
700 1 _aTorrent, Anna M.
942 _cBK
998 _cMARTIN
999 _c16017
_d16017